000 00469nam a2200193Ia 4500
003 LK-CoDNM
008 010623t1894 xxu||||| |||| 00| 1 eng d
040 _aLK-CoDNM
_dLK-CoDNM
_eLK-CoDNM
041 _aeng
080 _a7 F 17
100 _aDutt,Manmatha Nath
_eed.
245 _aThe Ramayana
260 _bManmatha Nath Dutt
_aCalcutta
_c1894
300 _b380P., 21 cm
650 _aIndian History
650 _aUttarakandam
700 _aValmiki
942 _cBK
999 _c83932
_d83932